Fisiología del deporte / (Registro nro. 1003)

Detalles MARC
000 -LEADER
fixed length control field 00580nam a2200181 a 4500
008 - CAMPO DE CONTROL (LIBRO)
fixed length control field 110916s2000 mx a f |||| 001 0 spa d
020 ## - INTERNATIONAL STANDARD BOOK NUMBER
ISBN 9687157941
041 ## - CODIGO DE IDIOMA
Código de idioma del texto/pista de sonido o título separado spa
092 ## - SIGNATURA TOPOGRAFICA DEWEY LOCAL
número de clasificación 612
libristica 8
sección BOW
100 1# - ENTRADA PRINCIPAL--NOMBRE PERSONAL
Nombre personal Bowers, Richard W.
9 (RLIN) 1618
245 ## - TITULO PROPIAMENTE DICHO
Título Fisiología del deporte /
Mención de responsabilidad y remanente de la transcripción de la portada Richards W. Bowers
250 ## - MENCION DE EDICION
Mención de edición 3a ed. 2a reimp.
260 ## - PIE DE IMPRENTA
Lugar de publicación, distribución, etc México:
Nombre de la editorial, distribuidor, etc Editorial Médica Panamericana;
Fecha de publicación 2000.
300 ## - DESCRIPCION FISICA
Extension 428 p.
500 ## - NOTA GENERAL
Nota general Bowers, R. (2000). Fisiología del deporte. (3a ed.). México : Editorial Médica Panamericana.
653 ## - TÉRMINO INDIZADO - PALABRAS CLAVES
Palabra clave Fisiologia del deporte
942 ## - ADDED ENTRY ELEMENTS (KOHA)
Source of classification or shelving scheme Dewey Decimal Classification
Item type Libros
Existencias
Estado de retiro Existencia Fuente de clasificación Estado general No para prestamo Ubicación permanente ubicación actual Sala de ubicación Fecha de adquisición Total Checkouts Total Renewals Número de clasificación Código de barras Checked out Date last seen Date last borrowed Número de ejemplar Price effective from Koha tipo de elemento (item) Public note
    Dewey Decimal Classification     Biblioteca Medicina Biblioteca Medicina Referencia 16/09/2011 1 11 612 8 BOW 1081 01/03/2029 06/11/2014 16/09/2011 ej.1 16/09/2011 Libros LIBRO DE CATEDRA

UNIVERSIDAD NACIONAL DEL COMAHUE
Biblioteca de la Facultad de Ciencias Médicas
Sede Toschi: Los Arrayanes y Av. Toschi, Cipolletti  - Rio Negro
Sede Los Tordos:  Yrigoyen al 2211, Cipolletti - Rio Negro 

Teléfono: 0299 - 4774707 int 25
Contacto: biblioteca@facimed.uncoma.edu.ar
© 2011 - 2026